[Event "SWE-ch"]
[Site "Uppsala"]
[Date "2016.07.25"]
[Round "9"]
[White "Semcesen, Daniel"]
[Black "Hector, Jonny"]
[Result "1-0"]
[WhiteElo "2450"]
[BlackElo "2521"]
[Annotator "CB"]
[PlyCount "65"]
[EventDate "2016.07.16"]
[EventType "tourn"]
[EventRounds "9"]
[EventCountry "SWE"]
[EventCategory "10"]
[SourceTitle "CBM 173 Extra"]
[Source "ChessBase"]
[SourceDate "2016.08.29"]
[SourceVersion "1"]
[SourceVersionDate "2016.08.29"]
[SourceQuality "1"]
[WhiteClock "0:32:22"]
[BlackClock "0:18:56"]
1. d4 d5 2. c4 c6 3. Nf3 Nf6 4. Qc2 dxc4 5. e4 b5 6. b3 cxb3 7. axb3 {This is
a brilliant concept. White is trusting his centre, some lines and diagonals.
Black is allowed to try out a wide range of defences.} e6 8. Bd2 (8. Bd3 Bb4+
9. Bd2 Bxd2+ 10. Qxd2 {in order to attack the Black squares later on is also
possible. But Bd2 on the other hand keeps all pieces on the board which in
some moves will mean that the Black pieces will get irritated in each others.})
8... a5 (8... Bb7 9. Ba5 {is not the end of the world, but little bit annoying.
}) 9. Bd3 Be7 10. O-O Bb7 11. Rd1 (11. Rc1 {With a restraied strategy has been
played, but Rd1 seems more to the point.}) 11... Qb6 12. h3 {A waiting move.
White wants Black to go to d7 with the knight before playing Nc3 himself.
That's cool, not forcing anything despite being a pawn down.} (12. Nc3 Na6)
12... Nbd7 13. Nc3 g6 $6 (13... h6 {and then 0-0 in an appropriate moment was
mandatory.}) 14. Bh6 $1 {Right in the face.} Rc8 15. Qe2 b4 $6 {It looks like
Black has lost interest in the game, just pushing woods.} ({This bitter pill
should not be delayed further.} 15... Bf8) 16. Na4 Qc7 17. Rac1 Bf8 18. Qe3 {
White thanks the pawn on h3!} Ng8 {Black was hopeless anyway.} 19. Bxf8 Kxf8
20. d5 {A classic.} exd5 21. exd5 c5 22. Bb5 {Daniel is merciless.} Ngf6 23. d6
Qd8 24. Nxc5 Rxc5 25. Rxc5 Bxf3 26. gxf3 Nxc5 27. Qxc5 Kg7 28. Qe5 Rf8 29. d7
Kg8 30. Rd6 Nh5 31. Rc6 Qa8 32. Qc5 Nf4 33. Rc8 {A strategic masterpice by
Semsecen, the Champion from 2014!} 1-0

[Event "SWE-ch"]
[Site "Uppsala"]
[Date "2016.07.20"]
[Round "5"]
[White "Hillarp Persson, Tiger"]
[Black "Grandelius, Nils"]
[Result "1-0"]
[WhiteElo "2527"]
[BlackElo "2643"]
[PlyCount "73"]
[EventDate "2016.07.16"]
[EventType "tourn"]
[EventRounds "9"]
[EventCountry "SWE"]
[EventCategory "10"]
[SourceTitle "CBM 173 Extra"]
[Source "ChessBase"]
[SourceDate "2016.08.29"]
[SourceVersion "1"]
[SourceVersionDate "2016.08.29"]
[SourceQuality "1"]
1. d4 Nf6 2. c4 e6 3. Nc3 Bb4 4. Qc2 d5 5. cxd5 exd5 6. Bg5 h6 7. Bh4 Nc6 8. e3
g5 9. Bg3 h5 10. Bb5 h4 11. Be5 O-O 12. Bxf6 Qxf6 13. h3 Ne7 14. Nf3 Be6 15. a3
Bxc3+ 16. Qxc3 Rac8 17. Ne5 c5 18. dxc5 a6 19. Be2 b6 20. Nf3 Qxc3+ 21. bxc3
Rxc5 22. Nxg5 Rxc3 23. a4 a5 24. O-O Rfc8 25. Rfb1 R8c6 26. Bb5 Rc7 27. Ba6
R7c6 28. Bb7 Rd6 29. Rb2 Bd7 30. Ba6 Rdc6 31. Bb5 Rc1+ 32. Rxc1 Rxc1+ 33. Kh2
Bf5 34. Nf3 Ng6 35. Nd4 Rb1 36. Rd2 Be6 37. Bd3 1-0

[Event "SWE-ch"]
[Site "Uppsala"]
[Date "2016.07.20"]
[Round "5"]
[White "Cramling, Pia"]
[Black "Smith, Axel"]
[Result "0-1"]
[WhiteElo "2463"]
[BlackElo "2513"]
[PlyCount "118"]
[EventDate "2016.07.16"]
[EventType "tourn"]
[EventRounds "9"]
[EventCountry "SWE"]
[EventCategory "10"]
[SourceTitle "CBM 173 Extra"]
[Source "ChessBase"]
[SourceDate "2016.08.29"]
[SourceVersion "1"]
[SourceVersionDate "2016.08.29"]
[SourceQuality "1"]
1. Nf3 c5 2. c4 Nc6 3. d4 cxd4 4. Nxd4 Nf6 5. Nc3 e6 6. g3 Qb6 7. Ndb5 d5 8.
Bg2 d4 9. Na4 Qa5+ 10. Bd2 Qd8 11. c5 Be7 12. O-O e5 13. e3 Bg4 14. Qe1 d3 15.
f3 Be6 16. b3 O-O 17. Rc1 Qd7 18. Na3 Rad8 19. Nc4 Bh3 20. Bxh3 Qxh3 21. Bc3 e4
22. Bxf6 exf3 23. Rxf3 Bxf6 24. Rd1 Rfe8 25. Qf1 Qxf1+ 26. Kxf1 Ne5 27. Nxe5
Rxe5 28. Nb2 Rxc5 29. Rxd3 Rc1+ 30. Kg2 Ra1 31. Rxd8+ Bxd8 32. Rf2 Rxa2 33. Nc4
Rxf2+ 34. Kxf2 Kf8 35. Nd6 Bb6 36. Kf3 Ke7 37. Nf5+ Kf6 38. Ke4 Bc5 39. Nh4 Ke6
40. g4 a5 41. Nf3 f6 42. Kd3 b5 43. e4 Kd6 44. Kc3 Kc6 45. h3 Kd7 46. Kd3 Kd6
47. Kc3 Kc6 48. Kd3 Bf2 49. Ke2 Bb6 50. Kd3 Kc5 51. e5 fxe5 52. Nxe5 Kd5 53.
Nf3 a4 54. bxa4 bxa4 55. Kc3 Ba5+ 56. Kc2 Bd8 57. Kc3 Be7 58. Nd2 a3 59. Kb3
Ke5 0-1

[Event "SWE-ch"]
[Site "Uppsala"]
[Date "2016.07.20"]
[Round "5"]
[White "Rydstrom, Tom"]
[Black "Hector, Jonny"]
[Result "1/2-1/2"]
[WhiteElo "2306"]
[BlackElo "2521"]
[PlyCount "46"]
[EventDate "2016.07.16"]
[EventType "tourn"]
[EventRounds "9"]
[EventCountry "SWE"]
[EventCategory "10"]
[SourceTitle "CBM 173 Extra"]
[Source "ChessBase"]
[SourceDate "2016.08.29"]
[SourceVersion "1"]
[SourceVersionDate "2016.08.29"]
[SourceQuality "1"]
1. e4 e5 2. Nf3 Nc6 3. Bb5 a6 4. Ba4 Nf6 5. O-O b5 6. Bb3 Bc5 7. a4 Rb8 8. axb5
axb5 9. Nxe5 Nxe5 10. d4 Bxd4 11. Qxd4 d6 12. f4 Nc6 13. Qc3 Ne7 14. Ra7 c5 15.
e5 Nfd5 16. Bxd5 Nxd5 17. Qf3 Qb6 18. Rxf7 Kxf7 19. Qxd5+ Be6 20. Qd1 Bf5 21.
Qd5+ Be6 22. Qd1 Bf5 23. Qd5+ Be6 1/2-1/2

[Event "SWE-ch"]
[Site "Uppsala"]
[Date "2016.07.20"]
[Round "5"]
[White "Westerberg, Jonathan"]
[Black "Semcesen, Daniel"]
[Result "1/2-1/2"]
[WhiteElo "2489"]
[BlackElo "2450"]
[PlyCount "83"]
[EventDate "2016.07.16"]
[EventType "tourn"]
[EventRounds "9"]
[EventCountry "SWE"]
[EventCategory "10"]
[SourceTitle "CBM 173 Extra"]
[Source "ChessBase"]
[SourceDate "2016.08.29"]
[SourceVersion "1"]
[SourceVersionDate "2016.08.29"]
[SourceQuality "1"]
1. d4 d5 2. c4 c6 3. Nf3 Nf6 4. e3 g6 5. b4 Bg7 6. Nbd2 O-O 7. Bb2 b6 8. Be2
Bb7 9. O-O Nbd7 10. cxd5 cxd5 11. b5 Ne4 12. Nxe4 dxe4 13. Nd2 Rc8 14. Nc4 Bd5
15. Rc1 Rc7 16. Qa4 Qb8 17. Nd2 Rfc8 18. Bc4 Qb7 19. Bxd5 Qxd5 20. Rxc7 Rxc7
21. Rc1 Rxc1+ 22. Bxc1 f5 23. Nb1 Nf6 24. Nc3 Qd7 25. Qc4+ e6 26. f3 exf3 27.
gxf3 Kf7 28. e4 Nxe4 29. Nxe4 fxe4 30. fxe4 Qxd4+ 31. Qxd4 Bxd4+ 32. Kg2 Kf6
33. Kf3 Be5 34. h3 Ke7 35. Ba3+ Kf6 36. Bc1 h5 37. Bd2 Bd6 38. Bc1 Bb4 39. Bf4
e5 40. Bc1 Ke6 41. Bh6 Be7 42. Bc1 1/2-1/2

[Event "SWE-ch"]
[Site "Uppsala"]
[Date "2016.07.19"]
[Round "4"]
[White "Grandelius, Nils"]
[Black "Tikkanen, Hans"]
[Result "1/2-1/2"]
[WhiteElo "2643"]
[BlackElo "2535"]
[PlyCount "81"]
[EventDate "2016.07.16"]
[EventType "tourn"]
[EventRounds "9"]
[EventCountry "SWE"]
[EventCategory "10"]
[SourceTitle "CBM 173 Extra"]
[Source "ChessBase"]
[SourceDate "2016.08.29"]
[SourceVersion "1"]
[SourceVersionDate "2016.08.29"]
[SourceQuality "1"]
1. Nf3 d5 2. d4 Nc6 3. c4 e5 4. dxe5 d4 5. Nbd2 Qe7 6. g3 Nxe5 7. Nxe5 Qxe5 8.
Bg2 d3 9. e3 Nf6 10. O-O Be7 11. Nf3 Qh5 12. Nd4 Qg6 13. Nb5 O-O 14. Nxc7 Bg4
15. f3 Rac8 16. Nb5 Bd7 17. Nd4 Rxc4 18. f4 Bg4 19. Qb3 Rb4 20. f5 Rxb3 21.
fxg6 Rb6 22. gxf7+ Rxf7 23. h3 Bh5 24. b3 Bb4 25. Bb2 Bd2 26. Nf5 Be2 27. Rf2
Rd7 28. g4 Re6 29. Bd4 h6 30. Bf3 Ne4 31. Rxe2 dxe2 32. Bxe2 Nd6 33. Bc5 b6 34.
Bxd6 Rexd6 35. Nxd6 Bxe3+ 36. Kg2 Rxd6 37. Rd1 Rxd1 38. Bxd1 Kf7 39. Kf3 Bc5
40. h4 Kf6 41. Ke4 1/2-1/2

[Event "SWE-ch"]
[Site "Uppsala"]
[Date "2016.07.18"]
[Round "3"]
[White "Hillarp Persson, Tiger"]
[Black "Semcesen, Daniel"]
[Result "1/2-1/2"]
[WhiteElo "2527"]
[BlackElo "2450"]
[PlyCount "81"]
[EventDate "2016.07.16"]
[EventType "tourn"]
[EventRounds "9"]
[EventCountry "SWE"]
[EventCategory "10"]
[SourceTitle "CBM 173 Extra"]
[Source "ChessBase"]
[SourceDate "2016.08.29"]
[SourceVersion "1"]
[SourceVersionDate "2016.08.29"]
[SourceQuality "1"]
1. d4 d5 2. c4 c6 3. Nf3 Nf6 4. Nc3 a6 5. g3 Bf5 6. Qb3 Ra7 7. Bg5 e6 8. Bxf6
gxf6 9. Bg2 Be7 10. O-O O-O 11. Rac1 Nd7 12. Nd2 b5 13. c5 e5 14. e3 Be6 15.
Qc2 e4 16. Ndxe4 dxe4 17. Bxe4 Nb8 18. Bxh7+ Kg7 19. Be4 Rh8 20. Ne2 Qc8 21.
Nf4 Nd7 22. Rfd1 Nf8 23. h4 Rc7 24. b4 f5 25. Bg2 Ng6 26. d5 Nxf4 27. exf4 cxd5
28. Bxd5 Rd8 29. Bxe6 fxe6 30. a4 bxa4 31. Qxa4 Rcd7 32. Rxd7 Rxd7 33. Ra1 Rd4
34. Qxa6 Qxa6 35. Rxa6 Rxb4 36. Rxe6 Bxc5 37. Re5 Rb5 38. Kg2 Kf6 39. Kh3 Ra5
40. f3 Bb6 41. Rxa5 1/2-1/2

[Event "SWE-ch"]
[Site "Uppsala"]
[Date "2016.07.18"]
[Round "3"]
[White "Grandelius, Nils"]
[Black "Blomqvist, Erik"]
[Result "1/2-1/2"]
[WhiteElo "2643"]
[BlackElo "2531"]
[PlyCount "84"]
[EventDate "2016.07.16"]
[EventType "tourn"]
[EventRounds "9"]
[EventCountry "SWE"]
[EventCategory "10"]
[SourceTitle "CBM 173 Extra"]
[Source "ChessBase"]
[SourceDate "2016.08.29"]
[SourceVersion "1"]
[SourceVersionDate "2016.08.29"]
[SourceQuality "1"]
1. Nf3 c5 2. c4 Nc6 3. Nc3 e5 4. e3 f5 5. d4 e4 6. d5 exf3 7. dxc6 dxc6 8.
Qxd8+ Kxd8 9. gxf3 Nf6 10. b3 Bd6 11. Bb2 Ke7 12. Bd3 g6 13. Ne2 Rf8 14. Rd1
Be6 15. Ng3 Rad8 16. Ke2 Bc7 17. h4 h5 18. Rhg1 Kf7 19. e4 f4 20. e5 fxg3 21.
exf6 Rfe8 22. Be4 Bf5 23. Rxd8 Bxd8 24. fxg3 Bxe4 25. fxe4 Rxe4+ 26. Kd3 Re6
27. g4 hxg4 28. Rxg4 Bxf6 29. Rf4 Ke7 30. Rxf6 Rxf6 31. Bxf6+ Kxf6 32. Ke4 Kg7
33. Kf4 Kh6 34. Kg4 b6 35. a3 a6 36. a4 a5 37. Kg3 Kh5 38. Kh3 g5 39. hxg5 Kxg5
40. Kg3 Kf5 41. Kf3 Ke5 42. Ke3 Kf5 1/2-1/2